Normal view
MARC view
- Intelligent transportation systems
Entry Topical Term
001 - CONTROL NUMBER
- control field: 758
003 - CONTROL NUMBER IDENTIFIER
- control field: NUST
005 - DATE AND TIME OF LATEST TRANSACTION
- control field: 20170515164834.0
008 - FIXED-LENGTH DATA ELEMENTS
- fixed length control field: 170515|| aca||aabn | a|a d
040 ## - CATALOGING SOURCE
- Original cataloging agency: NUST
- Transcribing agency: NUST
150 ## - HEADING--TOPICAL TERM
- Topical term or geographic name entry element: Intelligent transportation systems
- General subdivision: Security measures.
670 ## - SOURCE DATA FOUND
- Source citation: Work cat.: (NUST)0: Fries, Ryan Nicholas. 757, Transportation infrastructure security utilizing intelligent transportation systems /, c2009.
